Które państwo ma najwięcej ludności? - Statystyki

Ogólne statystyki
  • Ten quiz został rozwiązany 10 razy
  • Średni wynik to 4 z 10
Statystyki odpowiedzi
Zagadnienie Odpowiedź % Poprawnych
??? Polska
100%
??? Iran
56%
??? Arabia Saudyjska
44%
??? Uganda
44%
??? Bułgaria
33%
??? Uzbekistan
33%
??? Belgia
22%
??? Kenia
22%
??? Rumunia
0%
??? Saint Lucia
0%
Nie znaleziono quizów pasujących do podanych kryteriów
Rozkład punktacji
Procent ludzi z każdym wynikiem
Percentyl według liczby udzielonych odpowiedzi
Twoja historia wyników
Nie rozwiązałeś tego quizu